000 00392nam a2200133Ia 4500
008 210430s9999 xx 000 0 und d
020 _a0-8247-0232-8
082 _a660.39 M239 P
100 _aJan. C.T.Kwak
_952541
245 _aPolymer Surfactant Systems /
_cJan. C.T.Kwak
_b(surfactant science series V-77)
260 _aNew york
_bMarcel Dekker
_c1998
300 _a482p
942 _cBK
_2ddc
999 _c561829
_d561829